Larousse concise dictionary : (Record no. 21916)
[ view plain ]
| 000 -LEADER | |
|---|---|
| fixed length control field | 00484nam a2200157 a 4500 |
| 005 - DATE AND TIME OF LATEST TRANSACTION | |
| control field | 20140310183345.0 |
| 008 - FIXED-LENGTH DATA ELEMENTS--GENERAL INFORMATION | |
| fixed length control field | 070205s19uu xx 00 eng d |
| 020 ## - INTERNATIONAL STANDARD BOOK NUMBER | |
| International Standard Book Number | 2035400406 |
| 050 ## - LIBRARY OF CONGRESS CALL NUMBER | |
| Classification number | PC 2640 |
| Item number | .L332 2001 |
| 245 ## - TITLE STATEMENT | |
| Title | Larousse concise dictionary : |
| Remainder of title | French-English, English-French / |
| 260 ## - PUBLICATION, DISTRIBUTION, ETC. (IMPRINT) | |
| Place of publication, distribution, etc | Montreal (Quebec) : |
| Name of publisher, distributor, etc | Larousse Kingfisher Chambers Inc, |
| Date of publication, distribution, etc | 2001. |
| 300 ## - PHYSICAL DESCRIPTION | |
| Dimensions | 20 cm. |
| 650 ## - SUBJECT ADDED ENTRY--TOPICAL TERM | |
| Topical term or geographic name as entry element | French language |
| General subdivision | Dictionaries |
| -- | English. |
| 942 ## - ADDED ENTRY ELEMENTS (KOHA) | |
| Koha item type | Books |
| Source of classification or shelving scheme | Library of Congress Classification |
| Withdrawn status | Lost status | Source of classification or shelving scheme | Damaged status | Home library | Current library | Shelving location | Date acquired | Source of acquisition | Cost, normal purchase price | Total Checkouts | Full call number | Barcode | Date last seen | Copy number | Price effective from | Koha item type |
|---|---|---|---|---|---|---|---|---|---|---|---|---|---|---|---|---|
| Library of Congress Classification | College Library | College Library | Reference Section | 02/05/2007 | 345.00 | PC 2640 .L332 2001 | C8169 | 05/15/2018 | 1 | 10/10/2013 | Books |